Pokémon - Les attaques de Sidérella - Statistiques

Statistiques générales
  • Ce quiz a été pris 20 fois
  • Le résultat moyen est 9 sur 14
Statistiques - réponses
Niveaux Types Noms des attaques % Correct
Niveau 16 Fée Charme
100%
Départ Psy Choc Mental
100%
Niveau 56 Psy Prescience
100%
Niveau 40 Psy Psyko
100%
Niveau 12 Psy Rafale Psy
91%
Niveau 20 Psy Choc Psy
82%
Départ Normal Écras'Face
82%
Niveau 28 Ténèbres Croco Larme
64%
Niveau 24 Psy Hypnose
64%
Niveau 64 Psy Zone Magique
64%
Niveau 48 Ténèbres Flatterie
45%
Niveau 35 Normal Boost
27%
Départ Normal Camaraderie
18%
Départ Normal Chatouille
0%
Aucun quiz correspondant
Distribution des résultats
% des personnes avec chaque résultat
Percentile par nombre de réponses
Votre historique - résultats
Vous n’avez pas pris ce quiz